Gaming Quiz

Random Gaming or Star Wars Quiz
Score 0/7 Timer 05:00
0 Plays Today
Locust Character % Correct
Boomer
98.2%
Sniper
82.6%
Butcher
68.9%
Grinder
68.8%
Flamer
58%
Grenadier
54.2%
Bloodmount
7.1%

You're not logged in!

Compare scores with friends on all Sporcle quizzes.
OR
Log In

Sporcle TV

Today on Sporcle TV


Watch our educational content, quiz creation guides, and fun videos on Sporcle TV.

Show Comments

Extras

Top Quizzes Today


Score Distribution

Paid Content

Your Account Isn't Verified!

In order to create a playlist on Sporcle, you need to verify the email address you used during registration. Go to your Sporcle Settings to finish the process.

Report this User

Report this user for behavior that violates our Community Guidelines.

Details: